| 000 | 01007nam a2200241 a 4500 | ||
|---|---|---|---|
| 001 | 47569 | ||
| 003 | BD-RjUL | ||
| 005 | 20211209054338.0 | ||
| 008 | 160809s1977 bg a|||| |||| 00| 0 ben d | ||
| 035 | _a(BD-RjUL)47688 | ||
| 040 |
_aBD-RjUL _bben _cBD-RjUL |
||
| 041 | _aben | ||
| 082 |
_223 _a519.5024658 _bHOA 1977 |
||
| 100 |
_aহোসেন, মুহাম্মদ গোলাম _9144564 |
||
| 245 |
_aআধুনিক বাণ্যিজিক পরিসংখ্যান / _cমুহাম্মদ গোলাম হোসেন |
||
| 260 |
_aঢাকা : _bবাংলা একাডেমী, _c১৯৭৭ |
||
| 300 |
_a[৬], ৫৯৪ পৃ. : _bচিত্র ; _c২১ সেমি. |
||
| 500 | _aপরিশিষ্ট্য সংযুক্ত | ||
| 504 | _aগ্রন্থপঞ্জি সংযুক্ত | ||
| 650 |
_aবাণ্যিজিক পরিসংখ্যান _9144590 |
||
| 650 |
_aCommercial statistics _9144591 |
||
| 942 |
_2ddc _cBK |
||
| 999 |
_c47569 _d47569 |
||